Renewable Energy and Environment for Sustainable Development (Record no. 564795)

000 -LEADER
fixed length control field 00390nam a2200133Ia 4500
008 - FIXED-LENGTH DATA ELEMENTS--GENERAL INFORMATION
fixed length control field 210430s9999 xx 000 0 und d
020 ## - INTERNATIONAL STANDARD BOOK NUMBER
International Standard Book Number 978-81-7329-993-6
082 ## - DEWEY DECIMAL CLASSIFICATION NUMBER
Classification number 333.79 R393 R
100 ## - MAIN ENTRY--PERSONAL NAME
Personal name V.K.Vijay
9 (RLIN) 54297
245 ## - TITLE STATEMENT
Title Renewable Energy and Environment for Sustainable Development
Statement of responsibility, etc. V.K.Vijay
260 ## - PUBLICATION, DISTRIBUTION, ETC.
Place of publication, distribution, etc. India
Name of publisher, distributor, etc. Narosa Publishing
Date of publication, distribution, etc. 2009
300 ## - PHYSICAL DESCRIPTION
Extent 1219p
942 ## - ADDED ENTRY ELEMENTS (KOHA)
Koha item type Book
Source of classification or shelving scheme
Holdings
Withdrawn status Lost status Damaged status Not for loan Collection code Permanent Location Current Location Shelving location Date acquired Total Checkouts Total Renewals Full call number Barcode Date last seen Date last checked out Price effective from Koha item type
          School of Chemical & Materials Engineering (SCME) School of Chemical & Materials Engineering (SCME) General Stacks   1 1 333.79 R393 R SCME-4016 03/03/2026 01/28/2026 04/30/2021 Book
© 2023 Central Library, National University of Sciences and Technology. All Rights Reserved.